书目信息 |
| 题名: |
品周易
|
|
| 作者: | 吴苏林 著 | |
| 分册: | 下 | |
| 出版信息: | 乌鲁木齐 新疆青少年出版社 2008.07 |
|
| 页数: | 203-501页 | |
| 开本: | 26cm | |
| 丛书名: | ||
| 单 册: | ||
| 中图分类: | B221-49 | |
| 科图分类: | ||
| 主题词: | 先秦哲学 | |
| 电子资源: | ||
| ISBN: | 978-7-5371-5890-9 | |
| 000 | 00747 nam 000241 | |
| 001 | 0100009705 | |
| 005 | 20100803152604.25 | |
| 010 | @a978-7-5371-5890-9@dCNY29.90 | |
| 100 | @a20100729d1997 em y0chiy0121 ea | |
| 101 | @achi | |
| 102 | @aCN@b650000 | |
| 105 | @ay z 000yy | |
| 200 | 10 | @a品周易@Apin zhou yi@h下@f吴苏林著@Fwu su lin zhu |
| 210 | @a乌鲁木齐@c新疆青少年出版社@d2008.07 | |
| 215 | @a203-501页@d26cm | |
| 330 | @a《周易》简称《易》,又称《易经》,包括经和传两部分。《周易》奠定了中国哲学的基本范畴,本书对《周易》进行了解释。 | |
| 540 | @a品周易 | |
| 606 | @a先秦哲学 | |
| 690 | @aB221-49@v4 | |
| 701 | 0 | @a吴苏林@Awu su lin@4著 |
| 801 | @aCN@bDYGS@c20100803 | |
| 901 | @a210902 | |
| 905 | @b969915-7@dB221-49@eW860:2@f3 | |
| 品周易.下/吴苏林著.-乌鲁木齐:新疆青少年出版社,2008.07 |
| 203-501页;26cm |
| ISBN 978-7-5371-5890-9:CNY29.90 |
| 《周易》简称《易》,又称《易经》,包括经和传两部分。《周易》奠定了中国哲学的基本范畴,本书对《周易》进行了解释。 |
| ● |
| 相关链接 |
|
|
|
正题名:品周易
索取号:B221-49/W860:2
 
预约/预借
| 序号 | 登录号 | 条形码 | 馆藏地/架位号 | 状态 | 备注 |
| 1 | 969915 | 209699156 | 社科库509/509社科库 9排2列3层/ [索取号:B221-49/W860:2] | 在馆 | |
| 2 | 969916 | 209699165 | 社科库509/509社科库 9排2列3层/ [索取号:B221-49/W860:2] | 在馆 | |
| 3 | 969917 | 209699174 | 社科库509/509社科库 9排2列3层/ [索取号:B221-49/W860:2] | 在馆 |